000 00476cam a2200169 4500
001 D11758
008 090401t xxu||||| |||| 00| 0 eng d
035 _a(Sirsi) u88015
041 _aeng
050 _aRICS 1981/22ABD
100 _aWatts, Ted
245 _aMarketing of a professional service.
350 _a0
520 _aIn RICS Building Surveyors` Division. Weekend briefing, University of Warwick, 27 - 29 March 1981. 1981/22 ABD
942 _n0
948 _c04/03/1997
999 _c97287
_d97287